Upper Limb Muscles - Statistics

General Stats
  • This quiz has been taken 161 times
    155 since last reset
  • The average score is 24 of 37
Answer Stats
Compartment Muscle Nerve Artery % Correct
Anterior Arm brachialis musculocutaneous brachial
90%
Anterior Forearm pronator teres median ulnar
80%
Posterior Forearm brachioradialis radial radial
76%
Anterior Forearm flexor carpi radialis median ulnar
76%
Anterior Forearm flexor carpi ulnaris ulnar ulnar
76%
Anterior Arm coracobrachialis musculocutaneous brachial
75%
Anterior Forearm palmaris longus median ulnar
75%
Anterior Arm biceps brachii long musculocutaneous brachial
73%
Anterior Arm biceps brachii short musculocutaneous brachial
73%
Anterior Forearm flexor digitorum profundus ant. Interosseous, ulnar ant. interosseous
71%
Anterior Forearm flexor digitorum superficialis median ulnar
71%
Posterior Forearm extensor digitorum posterior interosseous radial
69%
Posterior Arm triceps brachii lateral radial deep brachial
69%
Posterior Arm triceps brachii long radial deep brachial
69%
Posterior Forearm extensor carpi ulnaris posterior interosseous radial
68%
Posterior Forearm extensor digiti minimi posterior interosseous radial
68%
Posterior Arm triceps brachii medial radial deep brachial
68%
Anterior Forearm flexor pollicis longus anterior interosseous anterior interosseous
66%
Anterior Forearm pronator quadratus anterior interosseous anterior interosseous
66%
Hand - Thenar flexor pollicis brevis recurrent median superficial palmer (radial)
64%
Hand - Central lumbricals median 1-2, deep ulnar 3-4 superficial palmer arterial arch
64%
Posterior Forearm supinator posterior interosseous posterior interosseous
64%
Hand - Thenar abductor pollicis brevis recurrent median superficial palmer (radial)
61%
Posterior Forearm extensor pollicis brevis posterior interosseous posterior interosseous
61%
Posterior Forearm extensor pollicis longus posterior interosseous posterior interosseous
61%
Posterior Forearm abductor pollicis longus posterior interosseous posterior interosseous
59%
Posterior Forearm extensor carpi radialis longus radial radial
59%
Posterior Forearm anconeus radial radial
58%
Posterior Forearm extensor carpi radialis brevis deep radial radial
58%
Hand - Central dorsal interossei deep ulnar dorsal metacarpal
56%
Hand - Thenar opponens pollicis recurrent median superficial palmer (radial)
56%
Posterior Forearm extensor indicis posterior interosseous posterior interosseous
54%
Hand - Central palmar interossei deep ulnar palmar metacarpal
54%
Hand - Hypothenar opponens digiti minimi deep ulnar deep palmer branch ulnar
53%
Hand - Hypothenar abductor digiti minimi deep ulnar deep palmer branch ulnar
51%
Hand - Central adductor pollicis deep ulnar deep palmer arterial arch
51%
Hand - Hypothenar flexor digiti minimi brevis deep ulnar deep palmer branch ulnar
44%
No matching quizzes found
Score Distribution
Percent of People with Each Score
Percentile by Number Answered
Your Score History
You have not taken this quiz since the last reset